International financial management / (Record no. 600105)

000 -LEADER
fixed length control field 00328nam a2200121Ia 4500
008 - FIXED-LENGTH DATA ELEMENTS--GENERAL INFORMATION
fixed length control field 230907s9999||||xx |||||||||||||| ||und||
082 ## - DEWEY DECIMAL CLASSIFICATION NUMBER
Classification number 658.1599
Author Mark MAD
100 ## - MAIN ENTRY--PERSONAL NAME
Personal name Madura, Jeff.
9 (RLIN) 115903
245 #0 - TITLE STATEMENT
Title International financial management /
260 ## - PUBLICATION, DISTRIBUTION, ETC.
Place of publication, distribution, etc. West Pub. Co.,
Name of publisher, distributor, etc. St. Paul, MN :
Date of publication, distribution, etc. 2014
300 ## - PHYSICAL DESCRIPTION
Extent 671 p. :
942 ## - ADDED ENTRY ELEMENTS (KOHA)
Koha item type Book
Holdings
Withdrawn status Lost status Damaged status Not for loan Permanent Location Current Location Date acquired Total Checkouts Full call number Barcode Date last seen Price effective from Koha item type
        US-Pakistan Center for Advanced Studies in Energy (USPCAS-E) US-Pakistan Center for Advanced Studies in Energy (USPCAS-E) 10/25/2019   658.1599 MAD CAS-E0004204 09/12/2023 09/12/2023 Book
© 2023 Central Library, National University of Sciences and Technology. All Rights Reserved.